000 00546nam a22001697a 4500
003 OSt
005 20240927001624.0
008 240927b |||||||| |||| 00| 0 eng d
040 _c0
082 _aDPer 050 R22 2000 January-May 2023 v123 no. 719-723
100 _aTaylor, Sophia.
_eauthor.
_961717
245 _aHow your problems affect your pets /
_cSophia Taylor.
260 _aTaipei ;
_bReader's Digest Asia,
_cMay 2023.
300 _aVolume 123, pages 12-13,
_billustration.
700 _aTaylor, Sophia.
_eauthor.
_961717
942 _2ddc
_cPER
999 _c21941
_d21941